| 000 | 00645nam a22001937a 4500 | ||
|---|---|---|---|
| 005 | 20170616122000.0 | ||
| 010 | _aENG-118694 | ||
| 020 |
_a9789383252992 _c445.00 |
||
| 035 | _aEN-102226 | ||
| 037 | _bDBAD/PUB | ||
| 082 | _a954.035 | ||
| 100 | _aRoychoudhury,h.p. | ||
| 245 |
_aGandhi vs Jinnha: _cby H.p. roychoudhury _bwe are the children of the country of gandhi & jinnah / |
||
| 260 |
_aGuwahati _bEbh publishers (india) _c2017 |
||
| 270 | _a136, m.l. nehru road , panbazar, guwahati,assam,india | ||
| 300 |
_a183.p. _c21cms.(pbk) _bill.(map, pictures) |
||
| 500 | _aincludes index | ||
| 942 |
_2ddc _cEN _h954.035 _mROY |
||
| 999 |
_c141199 _d141199 |
||